[Event "World Chess Olympiad 2018"]
[Site "Batumi"]
[Date "2018.09.27"]
[Round "4"]
[Board "2"]
[WhiteFideId "3303187"]
[White "Aguilar Luis Miguel"]
[BlackFideId "12300675"]
[Black "Kayastha Madan Krishna"]
[Result "0-1"]
[LiveChessVersion "1.4.8"]
[BlackElo "2077"]
[WhiteElo "2203"]

1. g3 {[%clk 1:30:47]} d5 {[%clk 1:28:54]} 2. Bg2 {[%clk 1:31:07]} Nf6
{[%clk 1:29:04]} 3. c4 {[%clk 1:31:20]} dxc4 {[%clk 1:29:06]} 4. Qa4+
{[%clk 1:31:06]} Nfd7 {[%clk 1:28:02]} 5. Qxc4 {[%clk 1:30:07]} g6
{[%clk 1:27:12]} 6. Nf3 {[%clk 1:28:10]} Bg7 {[%clk 1:27:35]} 7. O-O
{[%clk 1:28:03]} O-O {[%clk 1:27:50]} 8. d3 {[%clk 1:27:51]} Nb6 {[%clk 1:27:10]}
9. Qh4 {[%clk 1:09:35]} Nc6 {[%clk 1:24:29]} 10. Nc3 {[%clk 1:09:33]} e5
{[%clk 1:19:53]} 11. a4 {[%clk 0:53:45]} a5 {[%clk 0:55:50]} 12. Qxd8
{[%clk 0:41:50]} Nxd8 {[%clk 0:47:03]} 13. Be3 {[%clk 0:40:18]} e4
{[%clk 0:34:08]} 14. dxe4 {[%clk 0:27:03]} Nc4 {[%clk 0:33:57]} 15. Bd4
{[%clk 0:25:19]} Nxb2 {[%clk 0:26:46]} 16. Nd5 {[%clk 0:21:08]} Ne6
{[%clk 0:25:02]} 17. Nf6+ {[%clk 0:19:19]} Bxf6 {[%clk 0:24:51]} 18. Bxf6
{[%clk 0:19:44]} Nc4 {[%clk 0:24:46]} 19. Rfc1 {[%clk 0:18:47]} Nb6
{[%clk 0:24:31]} 20. Nd4 {[%clk 0:07:57]} c6 {[%clk 0:18:40]} 21. Rcb1
{[%clk 0:07:52]} Nc4 {[%clk 0:17:37]} 22. Nxe6 {[%clk 0:07:33]} fxe6
{[%clk 0:15:00]} 23. e5 Ra6 24. e3 {[%clk 0:06:26]} Rb6 {[%clk 0:13:57]} 25. Rd1
{[%clk 0:02:30]} Rb2 {[%clk 0:13:13]} 26. Bf1 {[%clk 0:01:37]} Nd2
{[%clk 0:12:38]} 27. Ra3 {[%clk 0:00:41]} Ne4 {[%clk 0:10:15]} 28. Be7
{[%clk 0:00:33]} Re8 {[%clk 0:09:48]} 29. Rd4 Nxf2 {[%clk 0:08:54]} 30. Bd8
{[%clk 0:00:41]} c5 {[%clk 0:08:03]} 31. Rd6 {[%clk 0:00:53]} Ne4
{[%clk 0:08:21]} 32. Rd1 {[%clk 0:00:40]} Nd2 {[%clk 0:08:42]} 33. Rxd2
{[%clk 0:00:33]} Rxd2 {[%clk 0:09:01]} 34. Bxa5 {[%clk 0:00:56]} Rb2
{[%clk 0:09:05]} 35. Ra1 {[%clk 0:00:32]} b6 {[%clk 0:08:51]} 36. Be1
{[%clk 0:00:37]} Bb7 {[%clk 0:09:01]} 37. g4 {[%clk 0:00:35]} Be4
{[%clk 0:08:58]} 38. Bh4 {[%clk 0:00:37]} Ra8 {[%clk 0:08:36]} 39. Be7
{[%clk 0:00:34]} Rb1 {[%clk 0:07:42]} 40. Ra3 {[%clk 0:30:34]} Ra7
{[%clk 0:37:25]} 41. Bf6 {[%clk 0:03:58]} Rd7 {[%clk 0:37:28]} 42. Kf2
{[%clk 0:02:26]} Rd2+ {[%clk 0:35:27]} 43. Be2 {[%clk 0:02:39]} Rbb2
{[%clk 0:35:35]} 44. Kg3 {[%clk 0:01:11]} Rxe2 {[%clk 0:35:27]} 45. Kf4
{[%clk 0:00:53]} Bd5 {[%clk 0:34:50]} 46. Kg5 {[%clk 0:00:44]} Rxh2
{[%clk 0:35:00]} 47. a5 {[%clk 0:00:37]} Rbf2 {[%clk 0:34:43]} 48. Ra4
{[%clk 0:00:32]} Kf7 {[%clk 0:34:52]} 0-1

[Event "World Chess Olympiad 2018"]
[Site "Batumi"]
[Date "2018.09.27"]
[Round "4"]
[Board "3"]
[WhiteFideId "12303135"]
[White "Thing Bibek"]
[BlackFideId "3303144"]
[Black "Pinto Daniel"]
[Result "1-0"]
[LiveChessVersion "1.4.8"]
[BlackElo "2131"]
[WhiteElo "2237"]

1. e4 {[%clk 1:30:46]} e5 {[%clk 1:30:48]} 2. Nf3 {[%clk 1:31:05]} Nc6
{[%clk 1:31:12]} 3. Bc4 {[%clk 1:30:32]} Nf6 {[%clk 1:31:32]} 4. d4
{[%clk 1:28:39]} exd4 {[%clk 1:29:44]} 5. e5 {[%clk 1:29:01]} d5 {[%clk 1:29:04]}
6. Bb5 {[%clk 1:28:44]} Ne4 {[%clk 1:26:35]} 7. Nxd4 {[%clk 1:28:05]} Bd7
{[%clk 1:26:48]} 8. Bxc6 {[%clk 1:27:20]} bxc6 {[%clk 1:27:06]} 9. O-O
{[%clk 1:26:08]} Be7 {[%clk 1:23:09]} 10. f3 {[%clk 1:26:21]} Nc5
{[%clk 1:22:53]} 11. Nc3 {[%clk 1:23:15]} O-O {[%clk 1:20:09]} 12. Be3
{[%clk 1:18:56]} Ne6 {[%clk 1:09:54]} 13. Na4 {[%clk 1:11:01]} f6
{[%clk 1:02:54]} 14. exf6 {[%clk 1:08:32]} Rxf6 {[%clk 1:02:55]} 15. Nxe6
{[%clk 1:08:42]} Rxe6 {[%clk 1:03:13]} 16. Bf4 {[%clk 1:02:03]} Rb8
{[%clk 0:59:02]} 17. b3 {[%clk 0:59:57]} Qf8 {[%clk 0:51:59]} 18. Bxc7
{[%clk 0:55:33]} Re8 {[%clk 0:52:16]} 19. Bg3 {[%clk 0:52:54]} Bf6
{[%clk 0:50:26]} 20. c3 {[%clk 0:49:49]} Be5 {[%clk 0:26:30]} 21. Bxe5
{[%clk 0:42:17]} Rxe5 {[%clk 0:26:53]} 22. Qd4 {[%clk 0:41:44]} Qd6
{[%clk 0:27:00]} 23. Qf4 {[%clk 0:23:52]} Qg6 {[%clk 0:22:44]} 24. Nc5
{[%clk 0:22:05]} Re2 {[%clk 0:11:01]} 25. Qg3 {[%clk 0:21:02]} Bf5
{[%clk 0:11:23]} 26. Qxg6 {[%clk 0:20:07]} Bxg6 {[%clk 0:09:57]} 27. Na4
{[%clk 0:07:25]} Kf7 {[%clk 0:09:54]} 28. h4 {[%clk 0:07:20]} Kf6
{[%clk 0:08:19]} 29. Rf2 {[%clk 0:07:34]} Bd3 {[%clk 0:08:11]} 30. Raf1
{[%clk 0:06:21]} Rxf2 {[%clk 0:04:03]} 31. Rxf2 {[%clk 0:06:50]} Re1+
{[%clk 0:04:23]} 32. Kh2 {[%clk 0:07:13]} Ke5 {[%clk 0:04:07]} 33. Rd2
{[%clk 0:06:50]} Bg6 {[%clk 0:03:51]} 34. Kg3 {[%clk 0:04:36]} h5
{[%clk 0:03:47]} 35. Kf2 {[%clk 0:03:56]} Rh1 {[%clk 0:04:10]} 36. g3
{[%clk 0:04:06]} Rh2+ {[%clk 0:04:29]} 37. Ke3 {[%clk 0:04:34]} Rh3
{[%clk 0:04:07]} 38. Rg2 {[%clk 0:04:47]} Rh1 {[%clk 0:04:22]} 39. Re2
{[%clk 0:04:27]} Rf1 {[%clk 0:03:40]} 40. Rd2 {[%clk 0:33:37]} Re1+
{[%clk 0:32:10]} 41. Kf2 {[%clk 0:33:19]} Ra1 {[%clk 0:32:20]} 42. Re2+
{[%clk 0:33:24]} Kd6 {[%clk 0:32:43]} 43. Ke3 {[%clk 0:32:33]} Rf1
{[%clk 0:17:41]} 44. b4 {[%clk 0:28:59]} Ke5 {[%clk 0:16:51]} 45. Nc5
{[%clk 0:29:01]} Bf5 {[%clk 0:09:16]} 46. Nb3 {[%clk 0:24:46]} Kf6
{[%clk 0:08:42]} 47. Nd4 {[%clk 0:23:55]} Bd7 {[%clk 0:05:45]} 48. Nb3
{[%clk 0:22:18]} Rd1 {[%clk 0:03:38]} 49. Kf4 {[%clk 0:21:21]} g6
{[%clk 0:03:09]} 50. a4 {[%clk 0:20:54]} Rb1 {[%clk 0:01:52]} 51. Nd4
{[%clk 0:15:32]} a5 {[%clk 0:02:18]} 52. b5 {[%clk 0:11:55]} cxb5
{[%clk 0:01:39]} 53. axb5 {[%clk 0:12:08]} Bxb5 {[%clk 0:01:03]} 54. Ra2
{[%clk 0:11:52]} a4 {[%clk 0:00:41]} 55. Nxb5 {[%clk 0:12:04]} Rxb5
{[%clk 0:01:06]} 56. Rxa4 {[%clk 0:12:27]} Rc5 {[%clk 0:00:46]} 57. Ra6+
{[%clk 0:12:46]} Kf7 {[%clk 0:01:14]} 58. Ra3 {[%clk 0:12:53]} Kf6
{[%clk 0:01:39]} 59. Ke3 {[%clk 0:13:04]} Ke5 {[%clk 0:00:41]} 60. Kd3
{[%clk 0:11:20]} Rb5 {[%clk 0:01:00]} 61. Ra6 {[%clk 0:11:07]} Kf5
{[%clk 0:01:23]} 62. Rd6 {[%clk 0:11:04]} g5 {[%clk 0:01:48]} 63. hxg5
{[%clk 0:10:44]} Kxg5 {[%clk 0:02:07]} 64. Kd4 {[%clk 0:11:06]} h4
{[%clk 0:02:24]} 65. gxh4+ {[%clk 0:10:56]} Kxh4 {[%clk 0:02:49]} 66. Rxd5
{[%clk 0:11:19]} Rb8 {[%clk 0:03:15]} 67. c4 {[%clk 0:11:02]} Kg3
{[%clk 0:03:41]} 68. Rf5 {[%clk 0:10:36]} Rd8+ {[%clk 0:04:02]} 69. Kc3
{[%clk 0:10:50]} Kf2 {[%clk 0:04:28]} 70. c5 {[%clk 0:10:57]} Ke3
{[%clk 0:04:51]} 71. Kc4 {[%clk 0:11:14]} Rc8 {[%clk 0:05:08]} 72. Rf6
{[%clk 0:11:34]} 1-0

[Event "World Chess Olympiad 2018"]
[Site "Batumi"]
[Date "2018.09.27"]
[Round "4"]
[Board "4"]
[WhiteFideId "3302105"]
[White "Rozo Paulo"]
[BlackFideId "12300870"]
[Black "Jaiswal Rupesh"]
[Result "1/2-1/2"]
[LiveChessVersion "1.4.8"]
[BlackElo "2165"]
[WhiteElo "2157"]

1. e4 {[%clk 1:30:49]} e6 {[%clk 1:30:54]} 2. d4 {[%clk 1:31:03]} d5
{[%clk 1:31:22]} 3. Nc3 {[%clk 1:31:18]} Bb4 {[%clk 1:31:49]} 4. Nge2
{[%clk 1:31:16]} Nc6 {[%clk 1:32:04]} 5. a3 {[%clk 1:30:12]} Ba5 {[%clk 1:32:27]}
6. Be3 {[%clk 1:22:42]} dxe4 {[%clk 1:29:30]} 7. b4 {[%clk 1:20:21]} Bb6
{[%clk 1:29:56]} 8. Nxe4 {[%clk 1:20:23]} e5 {[%clk 1:28:28]} 9. d5
{[%clk 1:10:06]} Bxe3 {[%clk 1:24:09]} 10. fxe3 {[%clk 1:10:31]} Nce7
{[%clk 1:20:44]} 11. N2c3 {[%clk 1:01:26]} Nf5 {[%clk 1:15:53]} 12. Bb5+
{[%clk 0:58:09]} Bd7 {[%clk 1:13:41]} 13. O-O Ngh6 {[%clk 1:07:00]} 14. Qh5
{[%clk 0:25:14]} O-O {[%clk 0:55:47]} 15. Bxd7 {[%clk 0:22:53]} Qxd7
{[%clk 0:56:09]} 16. Rae1 {[%clk 0:20:42]} Kh8 {[%clk 0:49:41]} 17. Nc5
{[%clk 0:18:23]} Qc8 {[%clk 0:48:37]} 18. g4 {[%clk 0:14:29]} Nd6
{[%clk 0:46:29]} 19. h3 {[%clk 0:14:33]} b6 {[%clk 0:43:17]} 20. N5e4
{[%clk 0:12:42]} f5 {[%clk 0:39:30]} 21. Ng5 {[%clk 0:12:22]} Qe8
{[%clk 0:38:31]} 22. Qxe8 {[%clk 0:11:47]} Rfxe8 {[%clk 0:37:06]} 23. gxf5
{[%clk 0:12:06]} Nhxf5 {[%clk 0:36:45]} 24. Ne6 {[%clk 0:11:53]} Rac8
{[%clk 0:36:28]} 25. b5 {[%clk 0:03:32]} Kg8 {[%clk 0:33:26]} 26. a4
{[%clk 0:03:52]} Ne7 {[%clk 0:32:43]} 27. e4 {[%clk 0:03:48]} Ng6
{[%clk 0:30:24]} 28. Na2 {[%clk 0:03:45]} Nf8 {[%clk 0:29:30]} 29. Ng5
{[%clk 0:03:49]} h6 {[%clk 0:28:40]} 30. Nf3 {[%clk 0:04:17]} Nd7
{[%clk 0:28:54]} 31. Nb4 {[%clk 0:04:19]} Nc5 {[%clk 0:26:42]} 32. Nc6
{[%clk 0:04:32]} Nc4 {[%clk 0:21:10]} 33. Nh4 {[%clk 0:02:51]} Nd2
{[%clk 0:19:05]} 34. Rf5 {[%clk 0:02:19]} Ndxe4 {[%clk 0:18:49]} 35. Ng6
{[%clk 0:02:19]} Kh7 {[%clk 0:18:17]} 36. Nge7 {[%clk 0:02:41]} Ra8
{[%clk 0:18:19]} 37. Rxe5 {[%clk 0:03:09]} Nd6 {[%clk 0:18:10]} 38. Nf5
{[%clk 0:01:35]} Rxe5 {[%clk 0:14:50]} 39. Rxe5 {[%clk 0:02:01]} Nxa4
{[%clk 0:14:08]} 40. Nxd6 {[%clk 0:31:03]} cxd6 {[%clk 0:44:37]} 41. Re6
{[%clk 0:22:12]} Nc3 {[%clk 0:43:44]} 42. Rxd6 {[%clk 0:18:56]} Nxb5
{[%clk 0:44:11]} 43. Re6 {[%clk 0:18:45]} Nc7 {[%clk 0:40:43]} 44. Re5
{[%clk 0:18:46]} Nb5 {[%clk 0:37:57]} 45. Re6 {[%clk 0:10:24]} 1/2-1/2

[Event "World Chess Olympiad 2018"]
[Site "Batumi"]
[Date "2018.09.27"]
[Round "4"]
[Board "1"]
[WhiteFideId "7603991"]
[White "Gnaam Koteba."]
[BlackFideId "8400709"]
[Black "Gavarrete Nahun"]
[Result "0-1"]
[LiveChessVersion "1.4.8"]
[BlackElo "2249"]
[WhiteElo "2061"]

1. e4 {[%clk 1:30:55]} c6 {[%clk 1:30:50]} 2. d4 {[%clk 1:31:12]} d6
{[%clk 1:31:01]} 3. Nf3 {[%clk 1:31:02]} g6 {[%clk 1:31:18]} 4. Nc3
{[%clk 1:30:49]} Bg7 {[%clk 1:31:39]} 5. Bc4 {[%clk 1:30:35]} Nf6
{[%clk 1:31:06]} 6. Bb3 {[%clk 1:30:57]} O-O {[%clk 1:31:21]} 7. a4
{[%clk 1:31:00]} Bg4 {[%clk 1:27:18]} 8. Be3 {[%clk 1:30:53]} Nbd7
{[%clk 1:23:11]} 9. h3 {[%clk 1:25:30]} Bxf3 {[%clk 1:23:33]} 10. Qxf3
{[%clk 1:25:56]} c5 {[%clk 1:21:39]} 11. dxc5 {[%clk 1:23:41]} Nxc5
{[%clk 1:15:04]} 12. Bxc5 {[%clk 1:22:03]} dxc5 {[%clk 1:15:24]} 13. O-O
{[%clk 1:21:39]} Qc7 {[%clk 1:05:21]} 14. Qe2 {[%clk 1:08:12]} e6
{[%clk 1:05:01]} 15. Rad1 {[%clk 1:07:32]} Rad8 {[%clk 0:39:22]} 16. e5
{[%clk 0:54:47]} Nh5 {[%clk 0:39:27]} 17. Rxd8 {[%clk 0:54:23]} Rxd8
{[%clk 0:39:48]} 18. Re1 {[%clk 0:53:59]} c4 {[%clk 0:33:29]} 19. Qxc4
{[%clk 0:35:33]} Bxe5 {[%clk 0:33:30]} 20. Qxc7 {[%clk 0:35:25]} Bxc7
{[%clk 0:33:58]} 21. g3 {[%clk 0:33:43]} Nf6 {[%clk 0:28:20]} 22. Re2
{[%clk 0:28:34]} h5 {[%clk 0:26:04]} 23. Nb5 {[%clk 0:24:35]} Bb6
{[%clk 0:24:22]} 24. Kg2 {[%clk 0:23:09]} Bc5 {[%clk 0:21:32]} 25. Bc4
{[%clk 0:16:32]} a6 {[%clk 0:19:59]} 26. Nc3 {[%clk 0:16:28]} h4 {[%clk 0:18:52]}
27. Bd3 {[%clk 0:09:30]} hxg3 {[%clk 0:18:49]} 28. fxg3 {[%clk 0:09:43]} Bd4
{[%clk 0:18:09]} 29. Re1 {[%clk 0:08:12]} Bxc3 {[%clk 0:18:09]} 30. bxc3
{[%clk 0:08:20]} Nd7 {[%clk 0:17:57]} 31. Rd1 {[%clk 0:05:28]} Nc5
{[%clk 0:15:03]} 32. a5 {[%clk 0:05:07]} e5 {[%clk 0:14:20]} 33. Re1
{[%clk 0:01:41]} Nxd3 {[%clk 0:05:07]} 34. cxd3 {[%clk 0:01:57]} Rxd3
{[%clk 0:05:30]} 35. Rxe5 {[%clk 0:00:40]} Rxc3 {[%clk 0:05:57]} 36. Re7
{[%clk 0:00:56]} Rb3 {[%clk 0:04:29]} 37. h4 {[%clk 0:00:45]} Kg7
{[%clk 0:04:50]} 38. Kh3 {[%clk 0:00:36]} Kf6 {[%clk 0:05:06]} 39. Rc7
{[%clk 0:01:05]} Ke6 {[%clk 0:05:21]} 40. Kg4 {[%clk 0:31:06]} f6
{[%clk 0:33:32]} 41. Rc4 {[%clk 0:24:21]} Kd6 {[%clk 0:31:44]} 42. Kf4
{[%clk 0:23:41]} Rb5 {[%clk 0:31:52]} 43. Ra4 {[%clk 0:21:32]} Rc5
{[%clk 0:23:32]} 44. Rb4 {[%clk 0:14:51]} Kc7 {[%clk 0:22:22]} 45. Ra4
{[%clk 0:13:37]} b6 {[%clk 0:22:25]} 46. axb6+ {[%clk 0:12:33]} Kxb6
{[%clk 0:22:52]} 47. Ke3 {[%clk 0:09:15]} Kb5 {[%clk 0:22:47]} 48. Rf4
{[%clk 0:06:42]} Rc3+ {[%clk 0:19:35]} 49. Kf2 {[%clk 0:06:49]} Rc6
{[%clk 0:19:38]} 50. Rg4 {[%clk 0:05:05]} f5 {[%clk 0:18:33]} 51. Rg5
{[%clk 0:05:00]} Kb4 {[%clk 0:16:56]} 52. g4 {[%clk 0:03:19]} a5 {[%clk 0:05:07]}
53. gxf5 {[%clk 0:03:22]} gxf5 {[%clk 0:05:35]} 54. Rxf5 {[%clk 0:01:39]} a4
{[%clk 0:06:03]} 55. Rf8 {[%clk 0:01:06]} a3 {[%clk 0:05:53]} 56. Rb8+
{[%clk 0:00:33]} Kc3 {[%clk 0:05:47]} 57. Ra8 {[%clk 0:00:49]} Kb2
{[%clk 0:05:46]} 58. Ke3 {[%clk 0:00:37]} Rc4 {[%clk 0:03:16]} 59. Rb8+
{[%clk 0:00:39]} Kc3 {[%clk 0:03:02]} 60. Ra8 {[%clk 0:00:40]} Kb2
{[%clk 0:01:32]} 61. Rb8+ {[%clk 0:00:49]} Kc2 {[%clk 0:01:51]} 62. Ra8
{[%clk 0:00:35]} Rxh4 {[%clk 0:01:54]} 63. Rc8+ {[%clk 0:00:33]} Kb3
{[%clk 0:02:11]} 64. Rc1 {[%clk 0:00:32]} a2 {[%clk 0:02:03]} 65. Kd2
{[%clk 0:00:35]} Rf4 0-1

[Event "World Chess Olympiad 2018"]
[Site "Batumi"]
[Date "2018.09.27"]
[Round "4"]
[Board "2"]
[WhiteFideId "8400555"]
[White "Miller Marlon"]
[BlackFideId "7603495"]
[Black "Koniahli Malek."]
[Result "1-0"]
[LiveChessVersion "1.4.8"]
[BlackElo "2328"]
[WhiteElo "2028"]

1. d4 {[%clk 1:30:45]} Nf6 {[%clk 1:30:53]} 2. Nf3 {[%clk 1:31:00]} g6
{[%clk 1:31:17]} 3. Bg5 {[%clk 1:30:35]} Bg7 {[%clk 1:31:40]} 4. Nbd2
{[%clk 1:30:58]} d5 {[%clk 1:31:42]} 5. e3 {[%clk 1:31:17]} c5 {[%clk 1:31:47]}
6. c3 {[%clk 1:31:40]} Nc6 {[%clk 1:32:01]} 7. Bd3 {[%clk 1:32:03]} O-O
{[%clk 1:31:52]} 8. O-O {[%clk 1:31:36]} h6 {[%clk 1:27:14]} 9. Bh4
{[%clk 1:27:44]} Bg4 {[%clk 1:18:29]} 10. Qb1 {[%clk 1:07:25]} Nd7
{[%clk 1:06:34]} 11. e4 {[%clk 1:05:34]} cxd4 {[%clk 0:52:59]} 12. exd5
{[%clk 1:00:47]} dxc3 {[%clk 0:53:11]} 13. bxc3 {[%clk 1:01:10]} Nce5
{[%clk 0:53:34]} 14. Be2 {[%clk 0:36:00]} Nxf3+ {[%clk 0:44:12]} 15. gxf3
{[%clk 0:36:11]} Bh3 {[%clk 0:42:29]} 16. Rc1 {[%clk 0:35:40]} Nb6
{[%clk 0:39:06]} 17. c4 {[%clk 0:23:31]} Qd7 {[%clk 0:30:01]} 18. Qb3
{[%clk 0:20:05]} Bxa1 {[%clk 0:26:47]} 19. Rxa1 {[%clk 0:20:29]} Bf5
{[%clk 0:15:55]} 20. a4 {[%clk 0:19:30]} Rae8 {[%clk 0:11:57]} 21. Ne4
{[%clk 0:18:22]} Nc8 {[%clk 0:11:06]} 22. c5 {[%clk 0:18:01]} Rd8
{[%clk 0:08:19]} 23. Rd1 {[%clk 0:17:50]} Bxe4 {[%clk 0:06:10]} 24. fxe4
{[%clk 0:18:09]} Qc7 {[%clk 0:05:49]} 25. Qc4 {[%clk 0:15:54]} Qd7
{[%clk 0:03:40]} 26. Bg3 {[%clk 0:14:37]} e6 {[%clk 0:02:45]} 27. d6
{[%clk 0:13:45]} Qc6 {[%clk 0:02:58]} 28. Qd4 {[%clk 0:13:18]} e5
{[%clk 0:01:46]} 29. Bxe5 {[%clk 0:12:58]} b6 {[%clk 0:01:26]} 30. Bh8
{[%clk 0:08:55]} f6 {[%clk 0:01:46]} 31. Bxf6 {[%clk 0:09:20]} Qxc5
{[%clk 0:01:01]} 32. Bc4+ {[%clk 0:08:57]} Kh7 {[%clk 0:01:26]} 33. Qxc5
{[%clk 0:09:05]} bxc5 {[%clk 0:01:55]} 34. Bxd8 {[%clk 0:09:23]} Rxd8
{[%clk 0:02:24]} 35. e5 {[%clk 0:09:46]} Kg7 {[%clk 0:02:36]} 36. Rd5
{[%clk 0:10:04]} g5 {[%clk 0:01:44]} 37. a5 {[%clk 0:10:24]} Kg6 {[%clk 0:01:50]}
38. Rxc5 {[%clk 0:10:42]} Kf5 {[%clk 0:01:02]} 39. Ba6 {[%clk 0:11:06]} 1-0

[Event "World Chess Olympiad 2018"]
[Site "Batumi"]
[Date "2018.09.27"]
[Round "4"]
[Board "3"]
[WhiteFideId "7601875"]
[White "Eiti Bashir"]
[BlackFideId "2212552"]
[Black "Huguet Sergio"]
[Result "1-0"]
[LiveChessVersion "1.4.8"]
[BlackElo "2053"]
[WhiteElo "2259"]

1. d4 {[%clk 1:30:50]} Nf6 {[%clk 1:30:39]} 2. Nf3 {[%clk 1:31:13]} g6
{[%clk 1:30:23]} 3. Bg5 {[%clk 1:30:00]} Bg7 {[%clk 1:29:28]} 4. Nbd2
{[%clk 1:30:13]} O-O {[%clk 1:27:15]} 5. c3 {[%clk 1:30:23]} b6 {[%clk 1:26:13]}
6. e4 {[%clk 1:29:34]} Bb7 {[%clk 1:24:36]} 7. Bd3 {[%clk 1:28:29]} d6
{[%clk 1:23:14]} 8. Qe2 {[%clk 1:25:15]} h6 {[%clk 1:18:55]} 9. Bh4
{[%clk 1:25:11]} Nbd7 {[%clk 1:17:37]} 10. O-O {[%clk 1:23:19]} g5
{[%clk 1:09:15]} 11. Bg3 {[%clk 1:23:26]} Nh5 {[%clk 1:09:15]} 12. Rfe1
{[%clk 1:07:58]} Nxg3 {[%clk 1:08:08]} 13. hxg3 {[%clk 1:08:16]} c5
{[%clk 1:02:26]} 14. d5 {[%clk 1:06:38]} e6 {[%clk 0:55:19]} 15. Ba6
{[%clk 1:00:39]} Bxa6 {[%clk 0:49:44]} 16. Qxa6 {[%clk 1:01:01]} exd5
{[%clk 0:48:50]} 17. exd5 {[%clk 1:01:18]} Nf6 {[%clk 0:46:07]} 18. Qd3
{[%clk 1:00:41]} Qd7 {[%clk 0:42:55]} 19. Nc4 {[%clk 0:54:43]} Ng4
{[%clk 0:37:24]} 20. Na3 {[%clk 0:29:03]} Rfe8 {[%clk 0:26:50]} 21. Qb5
{[%clk 0:26:55]} Rxe1+ {[%clk 0:25:52]} 22. Rxe1 {[%clk 0:27:16]} Qxb5
{[%clk 0:25:24]} 23. Nxb5 {[%clk 0:27:41]} Bf8 {[%clk 0:22:23]} 24. a4
{[%clk 0:22:24]} a6 {[%clk 0:17:03]} 25. Na3 {[%clk 0:22:50]} Nf6
{[%clk 0:15:24]} 26. Rd1 {[%clk 0:18:29]} Re8 {[%clk 0:14:01]} 27. Kf1
{[%clk 0:18:24]} Re4 {[%clk 0:12:44]} 28. Nd2 {[%clk 0:15:43]} Re8
{[%clk 0:08:31]} 29. Ndc4 {[%clk 0:15:25]} Nd7 {[%clk 0:08:29]} 30. Re1
{[%clk 0:14:44]} Rb8 {[%clk 0:07:08]} 31. Ne3 {[%clk 0:13:47]} b5
{[%clk 0:06:55]} 32. axb5 {[%clk 0:13:32]} axb5 {[%clk 0:07:18]} 33. c4
{[%clk 0:12:49]} bxc4 {[%clk 0:06:58]} 34. Naxc4 {[%clk 0:13:14]} Nb6
{[%clk 0:04:59]} 35. b3 {[%clk 0:07:01]} Nxc4 {[%clk 0:02:56]} 36. bxc4
{[%clk 0:07:28]} Kg7 {[%clk 0:01:28]} 37. g4 {[%clk 0:07:44]} Rb4
{[%clk 0:01:00]} 38. Rc1 {[%clk 0:08:03]} Kf6 {[%clk 0:00:53]} 39. Ke2
{[%clk 0:07:53]} Ke5 {[%clk 0:00:45]} 40. Kf3 {[%clk 0:36:33]} Rb3
{[%clk 0:30:36]} 41. Ra1 {[%clk 0:35:41]} h5 {[%clk 0:15:16]} 42. gxh5
{[%clk 0:27:38]} f5 {[%clk 0:15:18]} 43. Ra8 {[%clk 0:24:48]} Bh6
{[%clk 0:12:13]} 44. Re8+ {[%clk 0:22:13]} Kd4 {[%clk 0:10:42]} 45. g4
{[%clk 0:22:09]} fxg4+ {[%clk 0:04:44]} 46. Kxg4 {[%clk 0:22:34]} Rxe3
{[%clk 0:04:38]} 47. Rxe3 {[%clk 0:20:04]} Kxc4 {[%clk 0:04:58]} 48. Re6
{[%clk 0:20:25]} Bf8 {[%clk 0:04:29]} 49. Rf6 {[%clk 0:20:25]} Be7
{[%clk 0:03:40]} 50. Kxg5 {[%clk 0:17:14]} Kxd5 {[%clk 0:03:34]} 51. h6
{[%clk 0:17:28]} c4 {[%clk 0:01:12]} 52. h7 {[%clk 0:17:44]} Bxf6+
{[%clk 0:01:26]} 53. Kxf6 {[%clk 0:18:08]} c3 {[%clk 0:01:51]} 54. h8=Q
{[%clk 0:18:22]} Kc4 {[%clk 0:02:05]} 55. Ke6 {[%clk 0:18:18]} d5
{[%clk 0:02:14]} 56. Qc8+ {[%clk 0:18:31]} Kd4 {[%clk 0:02:30]} 57. Qc6
{[%clk 0:18:37]} 1-0

[Event "World Chess Olympiad 2018"]
[Site "Batumi"]
[Date "2018.09.27"]
[Round "4"]
[Board "4"]
[WhiteFideId "8400342"]
[White "Medina Viana Ricardo"]
[BlackFideId "7609337"]
[Black "Alhammada Imad."]
[Result "1/2-1/2"]
[LiveChessVersion "1.4.8"]
[BlackElo "2118"]
[WhiteElo "2048"]

1. e4 {[%clk 1:30:57]} c6 {[%clk 1:30:14]} 2. d4 {[%clk 1:31:08]} d5
{[%clk 1:30:32]} 3. Nd2 {[%clk 1:31:18]} dxe4 {[%clk 1:29:33]} 4. Nxe4
{[%clk 1:31:34]} Nf6 {[%clk 1:29:31]} 5. Nxf6+ {[%clk 1:28:31]} exf6
{[%clk 1:29:17]} 6. Nf3 {[%clk 1:28:44]} Bg4 {[%clk 1:27:12]} 7. Be2
{[%clk 1:29:03]} Bd6 {[%clk 1:24:47]} 8. O-O {[%clk 1:27:13]} O-O
{[%clk 1:21:28]} 9. c3 {[%clk 1:25:58]} Re8 {[%clk 1:21:09]} 10. Be3
{[%clk 1:24:53]} Nd7 {[%clk 1:17:18]} 11. Qc2 {[%clk 1:21:08]} Qc7
{[%clk 1:14:04]} 12. h3 {[%clk 1:21:20]} Bh5 {[%clk 1:12:40]} 13. Rfe1
{[%clk 1:21:28]} Bf4 {[%clk 1:08:00]} 14. Bxf4 {[%clk 1:21:25]} Qxf4
{[%clk 1:07:53]} 15. Nh2 {[%clk 1:21:31]} Bg6 {[%clk 1:05:18]} 16. Bd3
{[%clk 1:21:40]} Nb6 {[%clk 1:04:07]} 17. Bxg6 {[%clk 1:19:18]} hxg6
{[%clk 1:00:28]} 18. Re2 {[%clk 1:15:48]} Kf8 {[%clk 0:55:28]} 19. Rae1
{[%clk 1:13:58]} Nd5 {[%clk 0:49:49]} 20. Nf3 {[%clk 1:02:20]} Rxe2
{[%clk 0:45:17]} 21. Qxe2 {[%clk 1:00:49]} Qd6 {[%clk 0:43:27]} 22. a3
{[%clk 0:57:35]} g5 {[%clk 0:38:17]} 23. g3 {[%clk 0:52:47]} g6 {[%clk 0:36:54]}
24. Kg2 {[%clk 0:47:31]} Qd7 {[%clk 0:33:29]} 25. Qe4 {[%clk 0:44:20]} Kg7
{[%clk 0:31:36]} 26. c4 {[%clk 0:40:50]} Rh8 {[%clk 0:28:38]} 27. Qg4
{[%clk 0:24:11]} Qxg4 {[%clk 0:19:12]} 28. hxg4 {[%clk 0:24:26]} Nb6
{[%clk 0:19:28]} 29. b3 {[%clk 0:15:03]} Nc8 {[%clk 0:16:58]} 30. Re3 1/2-1/2

[Event "World Chess Olympiad 2018"]
[Site "Batumi"]
[Date "2018.09.27"]
[Round "4"]
[Board "1"]
[WhiteFideId "14300249"]
[White "Cawdery Daniel"]
[BlackFideId "7400179"]
[Black "Elliott Warren"]
[Result "1-0"]
[LiveChessVersion "1.4.8"]
[BlackElo "2206"]
[WhiteElo "2422"]

1. e4 {[%clk 1:30:55]} c5 {[%clk 1:30:43]} 2. Nf3 {[%clk 1:31:20]} Nc6
{[%clk 1:31:05]} 3. Nc3 {[%clk 1:31:18]} Nf6 {[%clk 1:31:07]} 4. Bb5
{[%clk 1:27:44]} Qc7 {[%clk 1:30:59]} 5. O-O {[%clk 1:27:33]} Nd4
{[%clk 1:30:49]} 6. Re1 {[%clk 1:24:41]} a6 {[%clk 1:29:01]} 7. Bd3
{[%clk 1:16:28]} Ng4 {[%clk 1:19:24]} 8. e5 {[%clk 1:08:44]} Nxf3+
{[%clk 1:17:04]} 9. Qxf3 {[%clk 1:09:13]} Nxe5 {[%clk 1:17:16]} 10. Qg3
{[%clk 1:09:32]} d6 {[%clk 1:15:05]} 11. b4 {[%clk 0:58:42]} Nxd3
{[%clk 1:10:34]} 12. cxd3 {[%clk 0:54:26]} cxb4 {[%clk 0:56:51]} 13. Ne4
{[%clk 0:53:12]} Be6 {[%clk 0:47:23]} 14. Bb2 {[%clk 0:52:06]} Qc2
{[%clk 0:40:01]} 15. Bd4 {[%clk 0:50:55]} Rc8 {[%clk 0:37:50]} 16. f4
{[%clk 0:46:56]} Kd7 {[%clk 0:37:30]} 17. Qf3 {[%clk 0:44:44]} Rc6
{[%clk 0:19:02]} 18. Rab1 {[%clk 0:34:33]} Qxa2 {[%clk 0:14:50]} 19. Rxb4
{[%clk 0:33:59]} b5 {[%clk 0:10:08]} 20. f5 {[%clk 0:18:35]} Bd5 {[%clk 0:10:28]}
21. Ra1 {[%clk 0:17:47]} Bxe4 {[%clk 0:09:53]} 22. Qxe4 {[%clk 0:18:04]} Qxd2
{[%clk 0:08:53]} 23. Be3 {[%clk 0:18:24]} Qe2 {[%clk 0:08:07]} 24. Rbb1
{[%clk 0:17:49]} e6 {[%clk 0:00:55]} 25. Rc1 {[%clk 0:15:30]} d5 {[%clk 0:00:47]}
26. Qd4 {[%clk 0:14:02]} Rxc1+ {[%clk 0:00:34]} 27. Rxc1 {[%clk 0:14:24]} 1-0